Vista normal
Vista MARC
Entrada Personal Name
Número de registros utilizados en: 1
001 - CONTROL NUMBER
- control field: 6249
003 - CONTROL NUMBER IDENTIFIER
- control field: OSt
005 - DATE AND TIME OF LATEST TRANSACTION
- control field: 20180716124534.0
008 - FIXED-LENGTH DATA ELEMENTS
- fixed length control field: 170511n| azannaabn |a aaa c
010 ## - LIBRARY OF CONGRESS CONTROL NUMBER
- LC control number: 2017061723
035 ## - SYSTEM CONTROL NUMBER
- System control number: (OCoLC)oca10804744
040 ## - CATALOGING SOURCE
- Original cataloging agency: MX-MxUI
- Language of cataloging: eng
- Description conventions: rda
- Transcribing agency: MX-MxUI
- Modifying agency: Mx-PuUPA
100 1# - HEADING--PERSONAL NAME
- Personal name: Vázquez del Mercado Hernández, Alejandro,
370 ## - ASSOCIATED PLACE
- Place of birth: Mexico City, Mexico
- Associated country: Mexico
372 ## - FIELD OF ACTIVITY
- Field of activity: Philosophy
373 ## - ASSOCIATED GROUP
- Associated group: Universidad Panamericana
- Source of term: naf
373 ## - ASSOCIATED GROUP
- Associated group: Universidad Nacional Autónoma de México
- Source of term: naf
374 ## - OCCUPATION
- Occupation: Philosopher
- Occupation: Researcher
375 ## - GENDER
- Gender: hombre
377 ## - ASSOCIATED LANGUAGE
- Language code: spa
400 1# - SEE FROM TRACING--PERSONAL NAME
- Personal name: Mercado Hernández, Alejandro Vázquez del
670 ## - SOURCE DATA FOUND
- Source citation: Kierkegaard y la filosofía analítica, 2016:
- Information found: t.p. (Alejandro Vázquez del Mercado Hernández)
670 ## - SOURCE DATA FOUND
- Source citation: Sociedad Académica Kierkegaard A.C., viewed May 08, 2017:
- Information found: (Alejandro Vázquez del Mercado Hernández; licenciado en filosofía por la Universidad Panamericana, maestro en filosofía de la ciencia por la UNAM, su área de investigación es la racionalidad y el conocimiento)
- Uniform Resource Identifier: http://www.sak.org.mx/miembros/miembros-asociados
670 ## - SOURCE DATA FOUND
- Source citation: Biblioteca del congreso (Estados Unidos), 22 noviembre 2017:
- Information found: catálogo electrónico
- Uniform Resource Identifier: https://goo.gl/soCD1f